000 00789nam0a22002651 4500
001 rc\4793250
005 20130426133236.8
021 _aRU
_b[65-67315]
035 _a(NLR Aleph) 008867615
090 _a8500878
_c8500878
100 _a20130426d1965 |||y0rusy50 ca
101 0 _arus
102 _aRU
105 _ay z |||||
200 1 _aБорьба с шумом
210 _aМосква
_cЗнание
_d1965
215 _a46 с.
_d21
225 1 _aНовое в жизни, науке, технике
_h4 серия
_iТехника
_v15
606 _aШум и борьба с ним
_2psbo
700 1 _aЧескин
_bМ. С.
_gМихаил Сергеевич
801 0 _aRU
_bNLR
_gpsbo
801 1 _aRU
_bELAR
_2rusmarc
852 _aNLR
_j65-6/10407
942 _cBOOK
980 _aNB